| 000 | 00782 a2200205 4500 | ||
|---|---|---|---|
| 003 | Nust | ||
| 005 | 20170207154012.0 | ||
| 022 | _a0-9700330-0-1 | ||
| 040 | _cNust | ||
| 082 | _a005.43 | ||
| 100 | _aMourani, Gerhard | ||
| 245 |
_aSecuring and Optimizing Linux (E-BOOK) _cGerhard Mourani |
||
| 250 | _aRedHat Edition | ||
| 260 |
_aOpenDocs Publishing _bGerhard Mourani, _c 2000 |
||
| 300 | _a486 p | ||
| 440 | _aVersion: 1.3 | ||
| 505 | _aPart I Installation-Related Reference (Page-11) Part II Security and optimization-Related Reference (Page-40) Part III Networking-Related Reference (Page-103) Part IV Software-Related Reference (Page-157) Part V Backup-Related reference (Page-459) Part VI Appendixes (Page-474) | ||
| 650 | _aSecuring and Optimizing Linux | ||
| 651 | _aE-BOOK | ||
| 942 |
_2ddc _cBK |
||
| 999 |
_c191257 _d191257 |
||